|
|
|
|
| LEADER |
00000nab a2200000 a 4500 |
| 001 |
vtls000013962 |
| 003 |
SK-MaSNL |
| 005 |
20260426105021.0 |
| 008 |
111103c1978 xo 0 slo |
| 015 |
|
|
|a SNBRB19rr/mm-uuuuu
|
| 035 |
|
|
|a CL0024056
|
| 040 |
|
|
|a SNKBUCL
|b slo
|c SNKBUCL
|e AACR2
|
| 041 |
0 |
|
|a slo
|
| 044 |
|
|
|a xo
|c SK
|
| 080 |
|
|
|a 374
|2 1981
|
| 100 |
1 |
|
|a Dzurjak, Jozef,
|d 1953-
|4 aut
|9 203607
|
| 245 |
1 |
0 |
|a Z okresnej konferencie mimoškolského vzdelávania v Humennom
|c J. Dzurjak
|
| 650 |
0 |
7 |
|a mimoškolské vzdelávanie
|2 snkbucl
|9 66292
|
| 651 |
|
7 |
|a Humenné (Slovensko : okres)
|2 snkbucl
|9 22484
|
| 655 |
|
7 |
|a články z novín a časopisov
|2 snkbucl
|9 267496
|
| 773 |
0 |
|
|t Osvetová práca
|g Roč. 28, č. 22 (1978), s. 17
|
| 850 |
|
|
|a Slovenská národná knižnica v Martine
|a MTA001
|
| 852 |
|
|
|a SNK
|b KIS3GCP
|
| 958 |
|
|
|a RK
|
| 992 |
|
|
|a RBX
|
| 999 |
|
|
|c 3338021
|d 3339951
|